El montaje: El espacio y el tiempo del film.

Enregistré dans:
Détails bibliographiques
Auteur principal: Pinel, Vincent (autor)
Autres auteurs: Magny, Joël (colección dirigida), Strauss, Frédéric (colección dirigida), Roche, Carles (traductor)
Format: Livre
Publié: Barcelona, España: Paidós, 2004.
Sujets:
Tags: Ajouter un tag
Pas de tags, Soyez le premier à ajouter un tag!

MARC

LEADER 00000nam a22000007a 4500
003 CL-VaPUC
005 20250321101922.0
008 250116t2004 ||||| |||| 00| 0 eng d
999 |c 446574  |d 446572 
020 |a 978-84-493-1571-8 
040 |c Pontificia Universidad Católica de Valparaíso 
082 |a 791.43 PIN 2004 
100 |9 895479  |a Pinel, Vincent  |e autor 
245 |a El montaje:  |b El espacio y el tiempo del film. 
260 |a Barcelona, España:  |b Paidós,  |c 2004. 
300 |a 95 páginas:  |b ilustraciones, fotografías. 
500 |a c.1. Instituto Arcos.08-01-2025. 
583 |c 20250116  |k Gabriela Rodríguez Cuevas 
650 0 |9 265198  |a Cinematografía  |x Montaje  |x Historia  |y Siglo 20 
700 |9 895480  |a Magny, Joël  |e colección dirigida 
700 |9 895481  |a Strauss, Frédéric  |e colección dirigida 
700 |9 895482  |a Roche, Carles  |e traductor 
942 |2 ddc  |c BK  |n 0 
952 |0 0  |1 0  |2 ddc  |4 0  |6 791_430000000000000_PIN_2004  |7 0  |9 599442  |a BIBINC  |b BIBINC  |c GEN  |d 2025-01-16  |e Instituto Arcos  |i 5664199  |o 791.43 PIN 2004  |p 5664199  |r 2025-01-16  |t 1  |w 2025-01-16  |y BK  |k IFP